Sistem perbankan & kewangan Malaysia

Bibliographic Details
Main Authors: Cheah, Kooi Guan (Author), Loke, Yiing Jia (Author)
Format: Book
Language:Malay
Published: Selangor : Pearson Education Malaysia 2000
Subjects:

MARC

LEADER 00000cam a2200000 7i4500
001 0000011327
005 20241010.0
008 030819 my a may
020 |a 9837412747 
040 |a INS   |b eng   |e rda 
090 0 0 |a HG3300.6.A8   |b C4104 2000 
100 1 |a Cheah, Kooi Guan ,   |e author 
245 1 0 |a Sistem perbankan & kewangan Malaysia   |c Cheah Kooi Guan, Loke Yiing Jia 
264 1 |a Selangor :   |b Pearson Education Malaysia   |c 2000 
300 |a vii, 264 pages :   |b illustrations ;   |c 22 cm. 
336 |a text  |2 rdacontent 
337 |a unmediated  |2 rdamedia 
338 |a volume  |2 rdacarrier 
650 0 |a Banks and banking   |x Malaysia 
700 1 |a Loke, Yiing Jia ,   |e author 
999 |a 0000010083   |b BOOK   |c Open Shelf   |e Default branch